[Event "AUTO-ADV-2499"]
[Site "http://www.queenalice.com/game.php?id=1058234"]
[Date "2012.5.10"]
[Round "1"]
[White "LeandroMontalvao"]
[Black "sasukee"]
[Result "1-0"]
[WhiteElo "1858"]
[BlackElo "1911"]

1. e4 e5 2. Nf3 Nc6 3. Bc4 Nf6 4. Ng5 d5 5. exd5 Na5 6. d3 Nxc4 7. dxc4 Bc5 8.
O-O O-O 9. Nc3 Bg4 10. Qd3 Bh5 11. Nce4 Bg6 12. Qf3 Be7 13. Nxf6+ Bxf6 14. Ne4
Be7 15. b3 f6 16. Be3 Qd7 17. c3 c6 18. Nc5 Bxc5 19. Bxc5 Rfd8 20. d6 b6 21. Ba3
c5 22. Rad1 Rac8 23. Rd2 Qc6 24. Qxc6 Rxc6 25. Rfd1 Kf7 26. b4 cxb4 27. cxb4
Rxc4 28. b5 Ke6 29. g3 Rd7 30. Kg2 Bc2 31. Rc1 Be4+ 32. f3 Rxc1 33. Bxc1 1-0

[Event "AUTO-ADV-2499"]
[Site "http://www.queenalice.com/game.php?id=1058235"]
[Date "2012.5.10"]
[Round "1"]
[White "sasukee"]
[Black "LeandroMontalvao"]
[Result "0-1"]
[WhiteElo "2013"]
[BlackElo "1931"]

1. e4 c5 2. Nf3 Nc6 3. d4 cxd4 4. Nxd4 e5 5. Nb5 Nf6 6. Bg5 Be7 7. Bxf6 Bxf6 8.
Nd6+ Ke7 9. Bc4 Qc7 10. Nc3 Qxd6 11. Nd5+ Kd8 12. Qh5 g6 13. Qf3 Bg7 14. O-O-O
f6 15. Nb6 Qb4 16. Nxd7 Bxd7 17. Be6 Nd4 18. c3 Qc5 19. Rxd4 exd4 0-1

[Event "revenge"]
[Site "http://www.queenalice.com/game.php?id=1060065"]
[Date "2012.5.15"]
[Round "-"]
[White "sasukee"]
[Black "IlCroato"]
[Result "1-0"]
[WhiteElo "1982"]
[BlackElo "1918"]

1. e4 e5 2. Nf3 Nc6 3. Bb5 a6 4. Ba4 Nf6 5. O-O Be7 6. Re1 b5 7. Bb3 d6 8. c3
O-O 9. h3 Re8 10. d4 Na5 11. Bc2 c5 12. dxe5 dxe5 13. Nxe5 Qxd1 14. Rxd1 Bf8 15.
Bf4 Bb7 16. f3 Rad8 17. Ng4 Nxg4 18. hxg4 Rxd1+ 19. Bxd1 Rd8 20. Be2 Bd6 21. Be3
Nc4 22. Bxc4 bxc4 23. Nd2 Be7 24. Nxc4 h6 25. Kf2 g5 26. Na5 Ba8 27. Nb3 1-0

[Event "AUTO-OPEN-2724"]
[Site "http://www.queenalice.com/game.php?id=1076348"]
[Date "2012.6.25"]
[Round "1"]
[White "rhsatrhs"]
[Black "sasukee"]
[Result "1-0"]
[WhiteElo "2064"]
[BlackElo "1934"]

1. e4 e5 2. Nf3 Nc6 3. Bc4 Nf6 4. d3 Bc5 5. c3 d6 6. Nbd2 O-O 7. h3 h6 8. Nf1 d5
9. Bb3 dxe4 10. Nxe5 Nxe5 11. d4 Bxd4 12. cxd4 Nc6 13. d5 Na5 14. Ne3 Nxb3 15.
Qxb3 1-0

[Event "AUTO-OPEN-2724"]
[Site "http://www.queenalice.com/game.php?id=1076372"]
[Date "2012.6.25"]
[Round "1"]
[White "tche_elvio"]
[Black "sasukee"]
[Result "1-0"]
[WhiteElo "1574"]
[BlackElo "1893"]

1. d4 Nf6 2. g3 g6 3. Bg2 Bg7 4. Nf3 O-O 5. O-O d6 6. c4 Nc6 7. Nc3 e5 8. dxe5
Nxe5 9. Nxe5 dxe5 10. e4 Be6 11. b3 c6 12. Bb2 1-0

[Event "AUTO-OPEN-2724"]
[Site "http://www.queenalice.com/game.php?id=1076373"]
[Date "2012.6.25"]
[Round "1"]
[White "sasukee"]
[Black "tche_elvio"]
[Result "1-0"]
[WhiteElo "1996"]
[BlackElo "1580"]

1. e4 e6 2. d3 d5 3. Nd2 c5 4. Ngf3 Nc6 5. g3 Nf6 6. Bg2 dxe4 7. dxe4 Nxe4 8.
Nxe4 Qxd1+ 9. Kxd1 Be7 10. Ke2 b6 11. Rd1 O-O 12. Bf4 Nd4+ 13. Nxd4 cxd4 14.
Rxd4 Ba6+ 15. Ke1 Rfd8 16. Rad1 Bb7 17. Kf1 h6 18. Bd6 Ba6+ 19. Kg1 Bb7 20. Bxe7
Rxd4 21. Rxd4 Rc8 22. Nd6 Rc7 23. Nxb7 Rxe7 24. Be4 f5 25. Bg2 g5 26. Nd8 Kh7
27. Rd6 Kg6 28. Rxe6+ Rxe6 29. Nc6 Rxc6 30. Bxc6 a5 31. a3 Kf6 32. b4 axb4 33.
axb4 Ke5 34. c4 Kd4 35. Bd5 b5 36. c5 Kxd5 37. Kg2 Kc6 38. Kf3 Kd5 39. h4 g4+
40. Kf4 Ke6 41. f3 1-0

[Event "AUTO-MASTER-1684"]
[Site "http://www.queenalice.com/game.php?id=1077389"]
[Date "2012.6.29"]
[Round "1"]
[White "Timbira"]
[Black "sasukee"]
[Result "1-0"]
[WhiteElo "1921"]
[BlackElo "1953"]

1. e4 e5 2. Nf3 Nc6 3. Bb5 a6 4. Ba4 Nf6 5. O-O Be7 6. Re1 b5 7. Bb3 O-O 8. c3
d6 9. h3 Na5 10. Bc2 c5 11. d4 Qc7 12. d5 Bd7 13. Bg5 b4 14. Nbd2 Rfc8 15. c4
1-0

[Event "AUTO-MASTER-1684"]
[Site "http://www.queenalice.com/game.php?id=1077390"]
[Date "2012.6.29"]
[Round "1"]
[White "sasukee"]
[Black "Timbira"]
[Result "0-1"]
[WhiteElo "1864"]
[BlackElo "2036"]

1. e4 e5 2. Nf3 Nf6 3. Nxe5 d6 4. Nf3 Nxe4 5. d4 d5 6. Bd3 Nc6 7. O-O Bg4 8. c4
Be7 9. Re1 Nf6 10. Nc3 Bxf3 11. Qxf3 dxc4 12. Bxc4 O-O 13. d5 Nd4 14. Qd3 c5 15.
Be3 b5 16. Bxb5 Nxb5 0-1

[Event "AUTO-MASTER-1684"]
[Site "http://www.queenalice.com/game.php?id=1077404"]
[Date "2012.6.29"]
[Round "1"]
[White "sasukee"]
[Black "kowisss"]
[Result "0-1"]
[WhiteElo "1775"]
[BlackElo "1749"]

1. e4 e6 2. d3 d5 3. Nd2 c5 4. Ngf3 Nc6 5. g3 Nf6 6. Bg2 g6 7. O-O Bg7 8. Re1
O-O 9. c3 Re8 10. Qe2 b6 0-1

[Event "AUTO-MASTER-1684"]
[Site "http://www.queenalice.com/game.php?id=1077412"]
[Date "2012.6.29"]
[Round "1"]
[White "sasukee"]
[Black "noB"]
[Result "0-1"]
[WhiteElo "1855"]
[BlackElo "2124"]

1. e4 e5 2. Nf3 Nf6 3. Nxe5 d6 4. Nf3 Nxe4 5. d4 d5 6. Bd3 Nc6 7. O-O Bg4 8. Re1
Be7 9. Bxe4 dxe4 10. Rxe4 f5 11. Rf4 O-O 12. h3 Bxh3 13. gxh3 g5 14. d5 gxf4 15.
Bxf4 Bf6 16. Nc3 Ne7 17. Ng5 Bxg5 18. Bxg5 Qd6 19. Qh5 Qg6 0-1